000 00965nam a2200313 i 4500
003 EG-GICUC
005 20260430201013.0
008 260430s2004 -uk |||fr|||| 00| 0 eng d
040 _aEG-GiCUC
_beng
_cEG-GiCUC
_dEG-GiCUC
_erda
082 0 4 _221
_a343.82
_bWI . I
092 0 4 _221
099 _aLaw1 10 343.82 WI . I 2004
100 1 _aWimms, J. H
_eAuthor.
245 1 3 _aAn Introduction to Psychology for the Use of Teachers /
_cBy J. H. Wimms.
250 _aSeventh Edition
264 3 _aLondon :
_aGlasgow :
_bCharles and Son,
_c2004.
300 _aIi - Iv, 156 pages;
_c24 cm.
336 _2rda content
_atext
337 _2rda media
_aComputer
338 _2rda carrier
_aOnline Resource
500 _aIndex
546 _aText in English
650 1 _aForensic Psychology
_2qrmak
650 1 _aCriminal Law
_2qrmak
651 1 _2qrmak
856 4 0 _uhttps://fll.law.cu.edu.eg/fulltext/bks/B10-10937.pdf
905 _a54
942 _2ddc
_cBK
_e21
_n0
999 _c74583
_d74583